000 00660nam a22002057a 4500
003 0
005 20251114125033.0
008 251114b xxu||||| |||| 00| 0 eng d
020 _a0-316-73494-2
050 _aPS 3553
_b.C66 2005
100 _aConnelly, Michael,
_eauthor.
245 _aThe Closers /
_cMichael Connelly.
260 _aNew York, NY :
_bLittle, Brown and Company,
_c2005.
300 _a403 pages ;
_c25 cm.
650 _aDetective and mystery fiction.
650 _aBosch, Harry (Fictitious character)
_xFiction.
650 _aPolice
_zCalifornia
_zLos Angeles
_xFiction.
650 _aTeenage girls
_xCrimes against
_vFiction.
942 _2lcc
_cBK
999 _c368651
_d368651